000 00288nam a22001337a 4500
008 171019b xxu||||| |||| 00| 0 eng d
020 _a9780205449736
041 _aeng
080 _28TH
_a338
100 _a53
101 _aMEN
245 _aSTAGE MANAGEMENT
_cSTERN,L
942 _2udc
_cBK
999 _c34827
_d34827